000
00247nam a22000977a 4500
999
_c
2882
_d
2882
008
190403e1987 mx ||||| |||| 00| 0 spa d
245
1
_a
Cecil. Tratado de Medicina Interna
250
_a
17a ed.
260
_a
Mexico
_b
Interamericana
_c
1987
500
_3
Baja